Research Methodology A Step by Guide for Beginners 2nd ed (Record no. 5344)

000 -LEADER
fixed length control field 00290nam a2200109Ia 4500
008 - FIXED-LENGTH DATA ELEMENTS--GENERAL INFORMATION
fixed length control field 200302s9999 xx 000 0 und d
100 ## - MAIN ENTRY--PERSONAL NAME
Personal name Ranjit Kumar
245 ## - TITLE STATEMENT
Title Research Methodology A Step by Guide for Beginners 2nd ed
260 ## - PUBLICATION, DISTRIBUTION, ETC.
Name of publisher, distributor, etc. Pearson Eduction Ltd,.
260 ## - PUBLICATION, DISTRIBUTION, ETC.
Date of publication, distribution, etc. 2005
300 ## - PHYSICAL DESCRIPTION
Extent 332
Holdings
Withdrawn status Lost status Source of classification or shelving scheme Damaged status Not for loan Permanent Location Current Location Date acquired Cost, normal purchase price Total Checkouts Full call number Barcode Date last seen Date last checked out Price effective from Koha item type Public note Total Renewals
          BMS College of Architecture, Design and Planning BMS College of Architecture, Design and Planning 2020-03-03 525.00 1 001.42 CL-PG23432 2023-06-28 2023-06-15 2020-03-03 PG Books from CL S-01  
          BMS College of Architecture, Design and Planning BMS College of Architecture, Design and Planning 2020-03-03 525.00 3 001.42 CL-PG23433 2024-11-07 2024-11-05 2020-03-03 PG Books from CL S-01 1
          BMS College of Architecture, Design and Planning BMS College of Architecture, Design and Planning 2020-03-03 525.00 1 001.42 CL-PG23434 2024-11-08 2022-04-20 2020-03-03 PG Books from CL S-01  
          BMS College of Architecture, Design and Planning BMS College of Architecture, Design and Planning 2026-04-07     001.42 CL-PG23431 2026-04-07   2026-04-07 PG Books from CL S-01  
Copyright © 2025, The Librarian, Library and Information Centre, BMSCA D&P, Bengaluru. All Rights Reserved
web counter

Powered by Koha